000 00503cam a2200157 4500500
005 20251228082902.0
041 _afre
042 _adc
100 1 0 _aTsimbidy, Myriam
_eauthor
700 1 0 _aBlanquie, Christophe
_eauthor
245 0 0 _aRetz, solliciteur de procès
260 _c2005.
500 _a25
786 0 _nDix-septième siècle | 227 | 2 | 2005-06-01 | p. 265-283 | 0012-4273
856 4 1 _uhttps://shs.cairn.info/revue-dix-septieme-siecle-2005-2-page-265?lang=fr&redirect-ssocas=7080
999 _c1599986
_d1599986